| 000 | 00606nam 22001813 4500 | ||
|---|---|---|---|
| 001 | 200526 | ||
| 090 | _a200526 | ||
| 100 | _a20260211d u||y0pory50 ba | ||
| 200 |
_aSem palavras nem coisas _fAntónio-Franco Alexandre |
||
| 210 |
_aLisboa _cIniciativas Editoriais _dimp.1974 |
||
| 215 |
_a61, [3] p. _cbrochado _d18 cm |
||
| 317 | _a.- Oferta com dedicatória do autor ao Prof.. Dr. Almeida Faria em 1975. | ||
| 606 |
_923 _aLiteratura Portuguesa _xPoesia |
||
| 675 |
_a821.134.3-1"19" _vPT _zpor |
||
| 700 |
_916336 _aAlexandre _bAntónio-Franco _f1944- |
||
| 801 |
_aPT _bBMMN _gRPC |
||
| 830 |
_cAna _fAna |
||
| 990 | _cLIVROS | ||